000 00421nam a2200169Ia 4500
005 20240604070626.0
008 240331s9999 xx 000 0 und d
020 _a0855981024
082 _bHUR
_a362
100 _aHurley, D
245 0 _aIncome generation schemes for the urban poor
260 _aOxford
_bOxfam
_c1990
300 _aviii,136 p.,
650 _aUrban Poor
650 _aSustainable Economy
942 _cL
999 _c2904
_d2904